Regional Seminar on Problems of Planning the Labour Force & Its Employment; (Record no. 47914)
[ view plain ]
| 000 -LEADER | |
|---|---|
| fixed length control field | 00830cam a22002411 4500 |
| 001 - CONTROL NUMBER | |
| control field | ne 65000303 |
| 003 - CONTROL NUMBER IDENTIFIER | |
| control field | DLC |
| 005 - DATE AND TIME OF LATEST TRANSACTION | |
| control field | 20260227111811.0 |
| 008 - FIXED-LENGTH DATA ELEMENTS--GENERAL INFORMATION | |
| fixed length control field | 870929s1963 ua 100 0 eng |
| 010 ## - LIBRARY OF CONGRESS CONTROL NUMBER | |
| LC control number | ne 65000303 |
| 035 ## - SYSTEM CONTROL NUMBER | |
| System control number | (OCoLC)16771748 |
| 040 ## - CATALOGING SOURCE | |
| Original cataloging agency | DLC |
| Transcribing agency | OrPS |
| Modifying agency | DLC |
| 042 ## - AUTHENTICATION CODE | |
| Authentication code | premarc |
| 050 00 - LIBRARY OF CONGRESS CALL NUMBER | |
| Classification number | HD5701 |
| Item number | .R4 1963 |
| 111 2# - MAIN ENTRY--MEETING NAME | |
| Meeting name or jurisdiction name as entry element | Regional Seminar on Problems of Planning the Labour Force and Its Employment |
| Date of meeting or treaty signing | (1963 : |
| Location of meeting | Cairo) |
| 245 00 - TITLE STATEMENT | |
| Title | Regional Seminar on Problems of Planning the Labour Force & Its Employment; |
| 260 ## - PUBLICATION, DISTRIBUTION, ETC. | |
| Place of publication, distribution, etc. | Cairo, |
| Name of publisher, distributor, etc. | Institute of National Planning |
| Date of publication, distribution, etc. | [1963 or 4] |
| 300 ## - PHYSICAL DESCRIPTION | |
| Extent | 1 v. (various pagings) |
| Dimensions | 28 cm. |
| 650 #0 - SUBJECT ADDED ENTRY--TOPICAL TERM | |
| Topical term or geographic name entry element | Labor supply. |
| 651 #0 - SUBJECT ADDED ENTRY--GEOGRAPHIC NAME | |
| Geographic name | Developing countries. |
| 710 2# - ADDED ENTRY--CORPORATE NAME | |
| Corporate name or jurisdiction name as entry element | International Institute for Labour Studies. |
| 710 2# - ADDED ENTRY--CORPORATE NAME | |
| Corporate name or jurisdiction name as entry element | Maʻhad al-Takhṭīṭ al-Qawmī (Egypt) |
No items available.